UBT Library

Mythos dhe Eidos / (Record no. 112)

000 -LEADER
fixed length control field 00517nam a22001697a 4500
008 - FIXED-LENGTH DATA ELEMENTS--GENERAL INFORMATION
fixed length control field 131011b xxu||||| |||| 00| 0 alb d
020 ## - INTERNATIONAL STANDARD BOOK NUMBER
International Standard Book Number 9789951410236
041 0# - LANGUAGE CODE
Language code of text/sound track or separate title alb
080 ## - UNIVERSAL DECIMAL CLASSIFICATION NUMBER
Universal Decimal Classification number 821.18.09 : 292
100 1# - Rafti
Rafti Çitaku, Muhamed
245 10 - TITLE STATEMENT
Title Mythos dhe Eidos /
Statement of responsibility, etc Muhamed Çitaku.
260 ## -
-- Prishtinë :
-- AIKD ;
-- [2008].
300 ## -
-- 130 f. :
-- 20 cm.
505 ## -
-- Literatura : f. 127-128<br/>
650 #0 -
-- Letërsia shqipe
-- Kritika, interpertimi.
942 ## - ADDED ENTRY ELEMENTS (KOHA)
Source of classification or shelving scheme
Item type Books
Holdings
Withdrawn status Lost status Source of classification or shelving scheme Damaged status Not for loan Collection code Permanent location Current location Shelving location Date acquired Total Checkouts Full call number Barcode Date last seen Price effective from Koha item type
          Koleksioni i përgjithshem UBT - Prishtine UBT - Prishtine Koleksioni i përgjithshem 10/11/2013   21.18.09 : 292 CIT 001-000117 10/11/2013 10/11/2013 Books
UBT Library © 2015-2024. All rights reserved University Education for Business and Technology